| Tag |
First Indicator |
Second Indicator |
Subfields |
| LEADER |
00000cam a22000001a 4500 |
| 001 |
in00003198621 |
| 006 |
m d f |
| 007 |
cr bn mmmapmmp |
| 008 |
090922s1974 dcu o f000 0 eng d |
| 005 |
20260504161821.4 |
| 035 |
|
|
|a cis2007440339
|
| 040 |
|
|
|a UMI
|c UMI
|d UtOrBLW
|
| 043 |
|
|
|a n-us---
|
| 086 |
0 |
|
|a Y 4.L 11/2:Ec 7/6/974
|
| 099 |
|
|
|a HRG-1974-LPW-0012
|
| 110 |
1 |
|
|a United States.
|b Congress.
|b Senate.
|b Committee on Labor and Public Welfare.
|b Subcommittee on Employment, Poverty, and Migratory Labor.
|
| 245 |
1 |
0 |
|a Economic opportunity legislation, 1974 :
|b hearing before the Subcommittee on Employment, Poverty, and Migratory Labor of the Committee on Labor and Public Welfare, United States Senate, Ninety-third Congress, second session, on S. 3870 ... and related bills, August 8, 1974.
|
| 264 |
|
1 |
|a Washington :
|b U.S. Govt. Print. Off,
|c 1974.
|
| 300 |
|
|
|a 1 online resource.
|
| 336 |
|
|
|a text
|b txt
|2 rdacontent
|
| 337 |
|
|
|a computer
|b c
|2 rdamedia
|
| 338 |
|
|
|a online resource
|b cr
|2 rdacarrier
|
| 538 |
|
|
|a System requirements: PDF reader software.
|
| 500 |
|
|
|a Electronic resource.
|
| 650 |
|
0 |
|a Economic assistance, Domestic
|x Law and legislation
|z United States.
|
| 655 |
|
7 |
|a Electronic books.
|2 local
|
| 710 |
2 |
|
|a ProQuest (Firm)
|
| 776 |
0 |
8 |
|i Print version:
|a United States. Congress. Senate. Committee on Labor and Public Welfare. Subcommittee on Employment, Poverty, and Migratory Labor.
|t Economic opportunity legislation, 1974
|w (DLC)75600577
|
| 776 |
0 |
8 |
|i Microfiche version:
|a United States. Congress. Senate. Committee on Labor and Public Welfare. Subcommittee on Employment, Poverty, and Migratory Labor.
|t Economic opportunity legislation, 1974.
|d [Bethesda, Md.] : ProQuest,[2004]
|o CIS 75 S541-21
|w (ProQuest)cis07501605
|
| 830 |
|
0 |
|a U.S. Congressional Hearings.
|
| 856 |
4 |
0 |
|u http://proxy.library.tamu.edu/login?url=https://congressional.proquest.com/congcomp/getdoc?HEARING-ID=HRG-1974-LPW-0012
|z Connect to the full text of this electronic book
|t 0
|
| 998 |
|
|
|a cis07501605
|
| 999 |
|
|
|a MARS
|
| 999 |
f |
f |
|s 0a13845d-982e-3120-ab80-849d9cb22e1a
|i 22e9f48e-143b-379f-ade0-015af53f55f2
|t 0
|
| 952 |
f |
f |
|a Texas A&M University
|b College Station
|c Electronic Resources
|s www_evans
|d Available Online
|t 0
|e HRG-1974-LPW-0012
|h Other scheme
|
| 998 |
f |
f |
|a HRG-1974-LPW-0012
|t 0
|l Available Online
|